000 00605nam a2200145Ia 4500
008 100122s9999 xx 000 0 und d
082 _b54701
_a923.254
100 _aदेसाई जयश्री
245 _aराजयोगी नेता अटलबिहारी वाजपेयी
260 _bचंद्रकला प्रकाशन
_c1998
300 _a168
630 _aराजयोगी नेता अटलबिहारी वाजपेयी
730 _aराजयोगी नेता अटलबिहारी वाजपेयी
942 _cBOOK
999 _c431522
_d431519